| 000 | 00495nam a2200157Ia 4500 | ||
|---|---|---|---|
| 008 | 150610s9999 xx 000 0 und d | ||
| 020 | _a1410900290 | ||
| 050 |
_aGT2250 _b.R49 2003 |
||
| 100 | _aReynolds, Helen | ||
| 245 |
_aJewelry and accessories / _cHelen Reynolds. |
||
| 260 |
_aUSA : _bReed Eslsevier, Inc., _c2003. |
||
| 300 |
_a32pages : _bcol. illustrations ; _c29 cm. |
||
| 504 | _aIncludes index. | ||
| 520 | _aJuvenile literature. | ||
| 650 |
_aDress accessories _xJuvenile literature. |
||
| 999 |
_c288042 _d288042 |
||